Prensa y educación: un enfoque cognitivo

Salvato in:
Dettagli Bibliografici
Autore principale: León Gascón, José Antonio (Autore)
Natura: Libro
Lingua:spagnolo
Pubblicazione: Buenos Aires Aique 1996
Edizione:1a. ed
Serie:Colección Psicología Cognitiva y Educación
Soggetti:
Tags: Aggiungi Tag
Nessun Tag, puoi essere il primo ad aggiungerne!!

MARC

LEADER 00000nam a2200000 a 4500
001 UCP0183
003 CL-VaPUC
008 990305e19960000AG |||||||||||||||||spa|d
020 |a 9507013342 
082 0 4 |a 371.33  |b LEO  |2 21 
100 |a León Gascón, José Antonio  |e author  |9 486925 
245 1 0 |a Prensa y educación: un enfoque cognitivo 
250 |a 1a. ed 
300 |a 253 p 
942 |c BK 
945 |d 19990305 00:00:00  |a aarredon 
260 |a Buenos Aires  |b Aique  |c 1996 
650 0 |a Educación  |9 258661 
650 0 |a Prensa  |9 258117 
650 0 |a Métodos de enseñanza  |9 270413 
650 0 |a Comunicación en educación  |9 308055 
650 0 |a Medios de comunicación de masas  |9 257273 
650 7 |a SERVICIOS DE COMUNICACION EN EDUCACION  |2 CL-VaPUC  |9 425165 
650 0 |a Psicología cognitiva   |9 306250 
583 |a last modification  |c 19990305 00:00:00  |k Rodrigo Vera 
490 0 |a Colección Psicología Cognitiva y Educación 
999 |c 279024  |d 279022 
952 |0 0  |1 0  |4 0  |6 371_330000000000000_LEO_1996  |7 0  |8 A  |9 317913  |a BIBEDU  |b BIBEDU  |d 2019-11-20  |i 3495175  |o 371.33 LEO 1996  |p 3495175  |r 2019-11-20  |w 2019-11-20  |y BK  |k BME 
952 |0 0  |1 0  |4 0  |6 371_330000000000000_LEO_1996  |7 0  |8 A  |9 317914  |a FDOPOS  |b FDOPOS  |d 2019-11-20  |i 3695190  |o 371.33 LEO 1996  |p 3695190  |r 2025-01-22  |w 2019-11-20  |y BK  |k MLA 
952 |0 0  |1 0  |4 0  |6 371_330000000000000_LEO_1996  |7 0  |8 A  |9 317915  |a FDOPOS  |b FDOPOS  |d 2019-11-20  |i 4312899  |o 371.33 LEO 1996  |p 4312899  |r 2025-01-22  |w 2019-11-20  |y BK  |k MLA